Foams 1978 : a desk-top data bank /
Guardado en:
| Otros Autores: | |
|---|---|
| Formato: | Libro |
| Idioma: | English |
| Publicado: |
San Diego, CA :
Cordura,
1977.
|
| Materias: | |
| Etiquetas: |
Agregar Etiqueta
Sin Etiquetas, Sea el primero en etiquetar este registro!
|
| LEADER | 00632nam a22001935a 4500 | ||
|---|---|---|---|
| 001 | EIQ.libpla002457 | ||
| 008 | 070615s1977####cau###########000#0#eng#d | ||
| 005 | 20070615172910.0 | ||
| 245 | 0 | 0 | |a Foams 1978 : |b a desk-top data bank / |c [editor Michel J. Howard]. |
| 260 | |a San Diego, CA : |b Cordura, |c 1977. | ||
| 300 | |a 817 p. : |b tablas ; |c 28 cm. | ||
| 020 | |a 0847060284 (pbk) | ||
| 700 | 1 | |a Howard, Michel J., |e ed. |4 edt | |
| 650 | 4 | |a Polímeros |x Espumas. | |
| 650 | 4 | |a Polímeros |x Tablas. | |
| 650 | 4 | |a Polymers |x Foams. | |
| 650 | 4 | |a Polymers |x Tables. | |
| 040 | |a AR-BbSID |b spa |c AR-BbSID | ||
| 859 | |a AR-BbSID |b BIB. PLAPIQUI |h 668.493 |i F 68 |k R |p 1257 | ||
